MARC

LEADER 00000nam0a2200000 4500
001 337566
005 20231102004949.0
035 |a (RuTPU)RU\TPU\book\364054 
090 |a 337566 
100 |a 20171108d1931 k y0rusy50 ca 
101 0 |a rus  |a eng 
102 |a RU 
105 |a a z 000zy 
200 1 |a Очерк железных месторождений Николаевского завода Иркутской губернии  |f С. А. Докторович-Гребницкий  |g СССР, Главное геологоразведочное управление (ГГРУ) ; Институт металлов 
210 |a Москва  |a Ленинград  |c Геологическое изд-во  |d 1931 
215 |a 114 с.  |c ил.  |e 4 таблицы 
225 1 |a Труды Главного геолого-разведочного управления ВСНХ СССР  |v Вып. 33 
606 1 |a Железорудные месторождения  |y Иркутская область  |2 stltpush  |3 (RuTPU)RU\TPU\subj\76848  |9 87647 
610 1 |a библиотека М. А. Усова 
610 1 |a Николаевский завод 
610 1 |a железо 
610 1 |a геология 
610 1 |a вещественный состав 
610 1 |a метаморфизм 
610 1 |a генезис 
675 |a 553.31(571.5)  |v 4 
700 1 |a Докторович-Гребницкий  |b С. А.  |g Сергей Александрович 
712 0 1 |a СССР  |b Главное геологоразведочное управление (ГГРУ)  |c (1928-1931)  |2 stltpush  |3 (RuTPU)RU\TPU\col\18482 
712 0 2 |a Институт металлов  |c (Ленинград)  |c (1930-1931)  |2 stltpush  |3 (RuTPU)RU\TPU\col\23497 
801 1 |a RU  |b 63413507  |c 20171108 
801 2 |a RU  |b 63413507  |c 20180131  |g RCR 
942 |c BK